[Event "ODJM B 2025"]
[Site "Willingen GER"]
[Date "2025.06.14"]
[Round "9"]
[White "Maraun, Lias"]
[Black "Othman, Beesan"]
[Result "1/2-1/2"]
[Termination "normal"]
[Board "25"]
[WhiteElo "1763"]
[BlackElo "1732"]
[WhiteClock "00:10:15"]
[BlackClock "00:00:34"]
[PlyCount "110"]
[WhiteFideId "533017441"]
[BlackFideId "34640738"]
[EventCountry "GER"]
[EventRounds "9"]
[EventType "swiss"]
[EventDate "2025.06.07"]

1. d4 {[%clk 01:30:51]} {[%emt 00:00:08]} Nf6 {[%clk 01:30:55]} {[%emt
00:00:05]} 2. Nc3 {[%clk 01:31:08]} {[%emt 00:00:13]} d5 {[%clk 01:31:16]}
{[%emt 00:00:08]} 3. Bf4 {[%clk 01:31:27]} {[%emt 00:00:12]} c6 {[%clk
01:31:29]} {[%emt 00:00:16]} 4. e3 {[%clk 01:31:42]} {[%emt 00:00:16]} Bf5
{[%clk 01:31:19]} {[%emt 00:00:40]} 5. f3 {[%clk 01:31:57]} {[%emt 00:00:16]}
h6 {[%clk 01:31:25]} {[%emt 00:00:23]} 6. Bd3 {[%clk 01:31:13]} {[%emt
00:01:15]} e6 {[%clk 01:30:13]} {[%emt 00:01:41]} 7. Bxf5 {[%clk 01:21:51]}
{[%emt 00:09:52]} exf5 {[%clk 01:30:41]} {[%emt 00:00:02]} 8. Nge2 {[%clk
01:21:00]} {[%emt 00:01:21]} Nh5 {[%clk 01:19:43]} {[%emt 00:11:28]} 9. O-O
{[%clk 01:18:46]} {[%emt 00:02:44]} Nxf4 {[%clk 01:18:45]} {[%emt 00:01:28]}
10. Nxf4 {[%clk 01:19:08]} {[%emt 00:00:09]} Bd6 {[%clk 01:18:18]} {[%emt
00:00:56]} 11. Nd3 {[%clk 01:13:36]} {[%emt 00:06:02]} O-O {[%clk 01:05:41]}
{[%emt 00:13:07]} 12. Qe2 {[%clk 01:06:37]} {[%emt 00:07:28]} Re8 {[%clk
01:03:23]} {[%emt 00:02:49]} 13. Rae1 {[%clk 01:06:15]} {[%emt 00:00:53]} Nd7
{[%clk 00:58:03]} {[%emt 00:05:49]} 14. e4 {[%clk 00:59:35]} {[%emt 00:07:10]}
fxe4 {[%clk 00:33:55]} {[%emt 00:24:38]} 15. fxe4 {[%clk 00:58:47]} {[%emt
00:01:18]} dxe4 {[%clk 00:30:48]} {[%emt 00:03:37]} 16. Nxe4 {[%clk 00:59:07]}
{[%emt 00:00:10]} Re7 {[%clk 00:27:46]} {[%emt 00:03:32]} 17. Qg4 {[%clk
00:40:32]} {[%emt 00:19:05]} Bc7 {[%clk 00:24:58]} {[%emt 00:03:18]} 18. Nf4
{[%clk 00:28:24]} {[%emt 00:12:37]} Rxe4 {[%clk 00:21:54]} {[%emt 00:03:34]}
19. Rxe4 {[%clk 00:28:15]} {[%emt 00:00:39]} Nf6 {[%clk 00:22:22]} {[%emt
00:00:03]} 20. Qf5 {[%clk 00:20:16]} {[%emt 00:08:29]} Nxe4 {[%clk 00:22:41]}
{[%emt 00:00:11]} 21. Qxe4 {[%clk 00:20:01]} {[%emt 00:00:45]} Qd6 {[%clk
00:21:39]} {[%emt 00:01:31]} 22. g3 {[%clk 00:18:23]} {[%emt 00:02:09]} a5
{[%clk 00:15:53]} {[%emt 00:06:16]} 23. Re1 {[%clk 00:17:35]} {[%emt 00:01:18]}
Rd8 {[%clk 00:13:02]} {[%emt 00:03:21]} 24. c3 {[%clk 00:15:49]} {[%emt
00:02:16]} a4 {[%clk 00:08:20]} {[%emt 00:05:12]} 25. Qe7 {[%clk 00:12:20]}
{[%emt 00:03:59]} b5 {[%clk 00:05:44]} {[%emt 00:03:06]} 26. Qxd6 {[%clk
00:10:55]} {[%emt 00:01:55]} Bxd6 {[%clk 00:06:12]} {[%emt 00:00:03]} 27. Nd3
{[%clk 00:11:13]} {[%emt 00:00:12]} Kf8 {[%clk 00:05:42]} {[%emt 00:00:59]} 28.
Ne5 {[%clk 00:09:12]} {[%emt 00:02:30]} Bxe5 {[%clk 00:03:46]} {[%emt
00:02:27]} 29. Rxe5 {[%clk 00:09:32]} {[%emt 00:00:10]} Rd5 {[%clk 00:02:33]}
{[%emt 00:01:43]} 30. Kf2 {[%clk 00:05:08]} {[%emt 00:04:54]} Rxe5 {[%clk
00:02:50]} {[%emt 00:00:14]} 31. dxe5 {[%clk 00:05:31]} {[%emt 00:00:07]} Ke7
{[%clk 00:02:53]} {[%emt 00:00:26]} 32. Ke3 {[%clk 00:05:50]} {[%emt 00:00:11]}
c5 {[%clk 00:02:07]} {[%emt 00:01:16]} 33. Ke4 {[%clk 00:04:50]} {[%emt
00:01:30]} Ke6 {[%clk 00:02:08]} {[%emt 00:00:30]} 34. g4 {[%clk 00:03:07]}
{[%emt 00:02:12]} b4 {[%clk 00:00:53]} {[%emt 00:01:46]} 35. c4 {[%clk
00:02:21]} {[%emt 00:01:16]} b3 {[%clk 00:00:39]} {[%emt 00:00:44]} 36. axb3
{[%clk 00:02:27]} {[%emt 00:00:23]} axb3 {[%clk 00:01:08]} {[%emt 00:00:01]}
37. Kf4 {[%clk 00:01:46]} {[%emt 00:01:11]} g6 {[%clk 00:00:41]} {[%emt
00:00:58]} 38. h3 {[%clk 00:00:43]} {[%emt 00:01:33]} f6 {[%clk 00:00:39]}
{[%emt 00:00:32]} 39. exf6 {[%clk 00:00:56]} {[%emt 00:00:16]} Kxf6 {[%clk
00:01:08]} {[%emt 00:00:01]} 40. h4 {[%clk 00:01:07]} {[%emt 00:00:19]} g5+
{[%clk 00:01:05]} {[%emt 00:00:33]} 41. hxg5+ {[%clk 00:01:25]} {[%emt
00:00:13]} hxg5+ {[%clk 00:01:33]} {[%emt 00:00:01]} 42. Kf3 {[%clk 00:28:57]}
{[%emt 00:02:58]} Ke7 {[%clk 00:29:38]} {[%emt 00:02:24]} 43. Ke3 {[%clk
00:25:48]} {[%emt 00:03:40]} Kd7 {[%clk 00:26:14]} {[%emt 00:03:54]} 44. Kd3
{[%clk 00:25:22]} {[%emt 00:00:56]} Kd6 {[%clk 00:24:20]} {[%emt 00:02:24]} 45.
Kc3 {[%clk 00:16:40]} {[%emt 00:09:11]} Ke5 {[%clk 00:24:24]} {[%emt 00:00:27]}
46. Kxb3 {[%clk 00:17:01]} {[%emt 00:00:09]} Kd4 {[%clk 00:05:54]} {[%emt
00:19:00]} 47. Kc2 {[%clk 00:14:44]} {[%emt 00:02:47]} Kxc4 {[%clk 00:05:06]}
{[%emt 00:01:19]} 48. Kd2 {[%clk 00:14:42]} {[%emt 00:00:32]} Kb3 {[%clk
00:05:04]} {[%emt 00:00:32]} 49. Kd3 {[%clk 00:15:01]} {[%emt 00:00:11]} Kb4
{[%clk 00:02:40]} {[%emt 00:02:54]} 50. Kd2 {[%clk 00:14:54]} {[%emt 00:00:36]}
Kb3 {[%clk 00:01:17]} {[%emt 00:01:54]} 51. Kd3 {[%clk 00:15:09]} {[%emt
00:00:15]} Kb4 {[%clk 00:01:44]} {[%emt 00:00:03]} 52. Kd2 {[%clk 00:15:25]}
{[%emt 00:00:14]} Kc4 {[%clk 00:01:03]} {[%emt 00:01:12]} 53. Kc2 {[%clk
00:15:33]} {[%emt 00:00:22]} Kd4 {[%clk 00:00:35]} {[%emt 00:00:57]} 54. Kb3
{[%clk 00:10:49]} {[%emt 00:07:11]} Kd3 {[%clk 00:01:06]} {[%emt 00:01:59]} 55.
Ka4 {[%clk 00:10:15]} {[%emt 00:01:04]} Ke4 {[%clk 00:00:34]} 1/2-1/2

[Event "ODJM B 2025"]
[Site "Willingen GER"]
[Date "2025.06.14"]
[Round "9"]
[White "Duchstein, Anna"]
[Black "Yang, Markus"]
[Result "0-1"]
[Termination "normal"]
[Board "26"]
[WhiteElo "1724"]
[BlackElo "1706"]
[WhiteClock "00:55:11"]
[BlackClock "00:41:55"]
[PlyCount "74"]
[WhiteFideId "16261372"]
[BlackFideId "16206550"]
[EventCountry "GER"]
[EventRounds "9"]
[EventType "swiss"]
[EventDate "2025.06.07"]

1. d4 {[%clk 01:30:58]} {[%emt 00:00:02]} Nf6 {[%clk 01:30:53]} {[%emt
00:00:08]} 2. Bf4 {[%clk 01:31:22]} {[%emt 00:00:05]} e6 {[%clk 01:31:11]}
{[%emt 00:00:13]} 3. e3 {[%clk 01:31:40]} {[%emt 00:00:12]} b6 {[%clk
01:30:31]} {[%emt 00:01:09]} 4. Nd2 {[%clk 01:30:07]} {[%emt 00:02:03]} Bb7
{[%clk 01:30:12]} {[%emt 00:00:49]} 5. Ngf3 {[%clk 01:29:55]} {[%emt 00:00:42]}
Be7 {[%clk 01:29:12]} {[%emt 00:01:29]} 6. Bd3 {[%clk 01:29:16]} {[%emt
00:01:10]} O-O {[%clk 01:28:03]} {[%emt 00:01:39]} 7. O-O {[%clk 01:29:00]}
{[%emt 00:00:47]} Nh5 {[%clk 01:26:04]} {[%emt 00:02:28]} 8. Bg3 {[%clk
01:25:38]} {[%emt 00:03:52]} Nxg3 {[%clk 01:24:42]} {[%emt 00:01:52]} 9. fxg3
{[%clk 01:24:35]} {[%emt 00:01:33]} d5 {[%clk 01:23:19]} {[%emt 00:01:53]} 10.
Ne5 {[%clk 01:23:00]} {[%emt 00:02:04]} Nd7 {[%emt 00:04:31]} 11. Ndf3 {[%clk
01:14:47]} {[%emt 00:07:58]} Nxe5 12. Nxe5 {[%clk 01:15:03]} Bd6 {[%clk
01:11:26]} {[%emt 00:02:26]} 13. Ng4 {[%clk 01:13:41]} {[%emt 00:01:52]} f5
{[%clk 01:07:07]} {[%emt 00:04:48]} 14. Nf2 {[%clk 01:13:20]} {[%emt 00:00:52]}
Qg5 {[%clk 01:06:53]} {[%emt 00:00:44]} 15. Qf3 {[%clk 01:11:43]} {[%emt
00:02:07]} Rf6 {[%clk 01:03:07]} {[%emt 00:04:16]} 16. Nh3 {[%clk 01:10:01]}
{[%emt 00:02:12]} Qh6 {[%clk 01:02:32]} {[%emt 00:01:05]} 17. Nf4 {[%clk
01:07:58]} {[%emt 00:02:33]} g5 {[%clk 01:00:23]} {[%emt 00:02:38]} 18. Nxe6
{[%clk 01:02:27]} {[%emt 00:06:02]} g4 {[%clk 00:57:58]} {[%emt 00:02:55]} 19.
Qe2 {[%clk 01:02:31]} {[%emt 00:00:27]} Rxe6 {[%clk 00:57:04]} {[%emt
00:01:23]} 20. Bxf5 {[%clk 01:02:04]} {[%emt 00:00:56]} Qxe3+ {[%clk 00:55:18]}
{[%emt 00:02:16]} 21. Qxe3 {[%clk 01:02:26]} {[%emt 00:00:08]} Rxe3 {[%clk
00:55:36]} {[%emt 00:00:13]} 22. Bxg4 {[%clk 01:02:29]} {[%emt 00:00:27]} Re4
{[%clk 00:54:23]} {[%emt 00:01:42]} 23. Bh5 {[%clk 01:01:09]} {[%emt 00:01:50]}
Rxd4 {[%clk 00:53:44]} {[%emt 00:01:10]} 24. Rf5 {[%clk 00:59:05]} {[%emt
00:02:34]} Bc5 {[%clk 00:47:01]} {[%emt 00:07:13]} 25. Rg5+ {[%clk 00:57:42]}
{[%emt 00:01:53]} Kh8 {[%clk 00:45:40]} {[%emt 00:01:51]} 26. Kh1 {[%clk
00:57:37]} {[%emt 00:00:35]} Rf8 {[%clk 00:43:53]} {[%emt 00:02:17]} 27. Re1
{[%clk 00:56:37]} {[%emt 00:01:29]} Re4 {[%clk 00:42:57]} {[%emt 00:01:26]} 28.
Rd1 {[%clk 00:56:08]} {[%emt 00:00:59]} Be3 {[%clk 00:42:29]} {[%emt 00:00:59]}
29. Rg4 {[%clk 00:55:52]} {[%emt 00:00:46]} Rxg4 {[%clk 00:42:12]} {[%emt
00:00:47]} 30. Bxg4 {[%clk 00:56:14]} {[%emt 00:00:08]} d4 {[%clk 00:42:06]}
{[%emt 00:00:36]} 31. h3 {[%clk 00:55:10]} {[%emt 00:01:34]} Rf2 {[%clk
00:42:20]} {[%emt 00:00:16]} 32. Bf3 {[%clk 00:55:04]} {[%emt 00:00:35]} Bxf3
{[%clk 00:42:25]} {[%emt 00:00:25]} 33. gxf3 {[%clk 00:55:27]} {[%emt
00:00:08]} Rxc2 {[%clk 00:42:16]} {[%emt 00:00:40]} 34. Rd3 {[%clk 00:54:48]}
{[%emt 00:01:08]} Rxb2 {[%clk 00:41:03]} {[%emt 00:01:43]} 35. g4 {[%clk
00:54:50]} {[%emt 00:00:28]} c5 {[%clk 00:41:24]} {[%emt 00:00:10]} 36. f4
{[%clk 00:55:03]} {[%emt 00:00:16]} c4 {[%clk 00:41:38]} {[%emt 00:00:16]} 37.
Rd1 {[%clk 00:55:11]} {[%emt 00:00:22]} c3 {[%clk 00:41:55]} {[%emt 00:00:13]}
0-1

[Event "ODJM B 2025"]
[Site "Willingen GER"]
[Date "2025.06.14"]
[Round "9"]
[White "Matsarski, David"]
[Black "Cilo, Seyyid"]
[Result "1-0"]
[Termination "normal"]
[Board "27"]
[WhiteElo "1723"]
[BlackElo "1717"]
[WhiteClock "00:37:11"]
[BlackClock "01:07:50"]
[PlyCount "61"]
[WhiteFideId "34663355"]
[BlackFideId "34615938"]
[EventCountry "GER"]
[EventRounds "9"]
[EventType "swiss"]
[EventDate "2025.06.07"]

1. e4 {[%clk 01:30:59]} {[%emt 00:00:01]} c5 {[%clk 01:30:57]} {[%emt
00:00:04]} 2. Nf3 {[%clk 01:31:25]} {[%emt 00:00:03]} Nc6 {[%clk 01:31:23]}
{[%emt 00:00:04]} 3. d4 {[%clk 01:31:47]} {[%emt 00:00:08]} cxd4 {[%clk
01:31:47]} {[%emt 00:00:05]} 4. Nxd4 {[%clk 01:32:14]} {[%emt 00:00:04]} Nf6
{[%clk 01:32:07]} {[%emt 00:00:09]} 5. Nc3 {[%clk 01:32:37]} {[%emt 00:00:07]}
e6 {[%clk 01:32:32]} {[%emt 00:00:06]} 6. Be2 {[%clk 01:31:17]} {[%emt
00:01:49]} Bb4 {[%clk 01:32:03]} {[%emt 00:01:00]} 7. Qd3 {[%clk 01:27:45]}
{[%emt 00:04:01]} Ne5 {[%clk 01:27:56]} {[%emt 00:04:38]} 8. Qg3 {[%clk
01:28:09]} {[%emt 00:00:05]} Qa5 {[%clk 01:25:19]} {[%emt 00:03:08]} 9. Bd2
{[%clk 01:26:16]} {[%emt 00:02:22]} O-O {[%clk 01:22:08]} {[%emt 00:03:42]} 10.
Nb3 {[%clk 01:24:05]} {[%emt 00:02:40]} Qc7 {[%clk 01:20:33]} {[%emt 00:02:06]}
11. O-O {[%clk 01:23:21]} {[%emt 00:01:14]} a6 {[%clk 01:19:14]} {[%emt
00:01:50]} 12. Bh6 {[%clk 01:19:26]} {[%emt 00:04:24]} g6 {[%clk 01:17:03]}
{[%emt 00:02:40]} 13. Bxf8 {[%clk 01:19:21]} {[%emt 00:00:35]} Bxf8 {[%emt
00:00:15]} 14. f4 {[%clk 01:16:37]} {[%emt 00:03:12]} Nc6 {[%clk 01:16:19]}
{[%emt 00:01:32]} 15. e5 {[%clk 01:16:37]} {[%emt 00:00:30]} Ne8 {[%emt
00:01:16]} 16. Ne4 {[%clk 01:16:22]} b5 {[%clk 01:15:50]} {[%emt 00:00:58]} 17.
Qh4 {[%clk 01:09:40]} {[%emt 00:07:12]} Qb6+ {[%clk 01:13:56]} {[%emt
00:02:24]} 18. Qf2 {[%clk 01:08:12]} {[%emt 00:01:57]} Qc7 {[%clk 01:14:18]}
{[%emt 00:00:09]} 19. g4 {[%clk 01:06:51]} {[%emt 00:01:50]} Bb7 {[%clk
01:12:44]} {[%emt 00:02:04]} 20. Nbc5 {[%clk 01:05:42]} {[%emt 00:01:39]} Nb4
{[%clk 01:11:05]} {[%emt 00:02:10]} 21. Nxb7 {[%clk 01:01:16]} {[%emt
00:04:55]} Qxb7 {[%clk 01:11:26]} {[%emt 00:00:10]} 22. Bf3 {[%clk 01:01:33]}
{[%emt 00:00:12]} Qc8 {[%clk 01:11:31]} {[%emt 00:00:25]} 23. c3 {[%clk
01:01:09]} {[%emt 00:00:54]} Nd5 {[%clk 01:11:43]} {[%emt 00:00:19]} 24. f5
{[%clk 00:56:01]} {[%emt 00:05:38]} exf5 {[%clk 01:09:30]} {[%emt 00:02:43]}
25. gxf5 {[%clk 00:56:00]} {[%emt 00:00:31]} Bh6 {[%clk 01:09:46]} {[%emt
00:00:13]} 26. Ng5 {[%clk 00:55:33]} {[%emt 00:00:56]} Nf4 {[%clk 01:09:23]}
{[%emt 00:00:54]} 27. Bxa8 {[%clk 00:50:07]} {[%emt 00:05:56]} Bxg5 {[%clk
01:09:28]} {[%emt 00:00:26]} 28. Bg2 {[%clk 00:50:13]} {[%emt 00:00:24]} Qc4
{[%clk 01:09:02]} {[%emt 00:00:56]} 29. Kh1 {[%clk 00:49:15]} {[%emt 00:01:27]}
Ng7 {[%clk 01:08:18]} {[%emt 00:01:15]} 30. f6 {[%clk 00:39:49]} {[%emt
00:09:55]} Nge6 {[%clk 01:07:50]} {[%emt 00:00:59]} 31. Rad1 {[%clk 00:37:11]}
{[%emt 00:03:08]} 1-0

[Event "ODJM B 2025"]
[Site "Willingen GER"]
[Date "2025.06.14"]
[Round "9"]
[White "Jagodkin, Anton"]
[Black "Kanno, Clara Yumi"]
[Result "1-0"]
[Termination "normal"]
[Board "28"]
[WhiteElo "1515"]
[BlackElo "1706"]
[WhiteClock "00:47:20"]
[BlackClock "00:55:19"]
[PlyCount "69"]
[WhiteFideId "34607307"]
[BlackFideId "16259661"]
[EventCountry "GER"]
[EventRounds "9"]
[EventType "swiss"]
[EventDate "2025.06.07"]

1. e4 {[%clk 01:30:58]} {[%emt 00:00:01]} e5 {[%clk 01:30:53]} {[%emt
00:00:08]} 2. Nf3 {[%clk 01:31:24]} {[%emt 00:00:04]} Nf6 {[%clk 01:31:04]}
{[%emt 00:00:18]} 3. Bc4 {[%clk 01:31:05]} {[%emt 00:00:49]} d5 {[%clk
01:25:43]} {[%emt 00:05:51]} 4. Bxd5 {[%clk 01:26:19]} {[%emt 00:05:16]} Nxd5
{[%clk 01:22:53]} {[%emt 00:03:20]} 5. exd5 {[%clk 01:26:40]} {[%emt 00:00:09]}
e4 {[%clk 01:22:59]} {[%emt 00:00:25]} 6. Ne5 {[%clk 01:25:46]} {[%emt
00:01:23]} Qxd5 {[%clk 01:22:49]} {[%emt 00:00:40]} 7. Ng4 {[%clk 01:24:31]}
{[%emt 00:01:45]} Bc5 {[%clk 01:20:01]} {[%emt 00:03:19]} 8. O-O {[%clk
01:20:54]} {[%emt 00:04:05]} Qg5 {[%clk 01:18:57]} {[%emt 00:01:34]} 9. h3
{[%clk 01:21:10]} {[%emt 00:00:15]} h5 {[%clk 01:19:11]} {[%emt 00:00:17]} 10.
d4 {[%clk 01:21:23]} {[%emt 00:00:17]} Qh4 {[%clk 01:18:47]} {[%emt 00:00:54]}
11. Ne5 {[%clk 01:17:43]} {[%emt 00:04:10]} Bd6 {[%clk 01:17:55]} {[%emt
00:01:22]} 12. Qd2 {[%clk 01:11:36]} {[%emt 00:06:36]} Be6 {[%clk 01:14:02]}
{[%emt 00:04:23]} 13. Nc3 {[%clk 01:10:36]} {[%emt 00:01:30]} Bxe5 {[%clk
01:12:16]} {[%emt 00:02:16]} 14. dxe5 {[%clk 01:10:35]} {[%emt 00:00:31]} Nd7
{[%clk 01:12:22]} {[%emt 00:00:25]} 15. Qf4 {[%clk 01:10:47]} {[%emt 00:00:17]}
Qxf4 {[%clk 01:12:13]} {[%emt 00:00:39]} 16. Bxf4 {[%clk 01:11:08]} {[%emt
00:00:09]} g5 {[%clk 01:05:06]} {[%emt 00:07:37]} 17. Bh2 {[%clk 01:08:06]}
{[%emt 00:03:32]} h4 {[%clk 01:01:45]} {[%emt 00:03:51]} 18. Nxe4 {[%clk
01:07:17]} {[%emt 00:01:19]} g4 {[%clk 01:01:45]} {[%emt 00:00:31]} 19. hxg4
{[%clk 01:07:08]} {[%emt 00:00:37]} Bxg4 {[%clk 01:01:59]} {[%emt 00:00:17]}
20. f3 {[%clk 01:05:28]} {[%emt 00:02:11]} Bf5 {[%clk 01:01:56]} {[%emt
00:00:33]} 21. Nf6+ {[%clk 01:05:47]} {[%emt 00:00:10]} Nxf6 {[%clk 01:02:02]}
{[%emt 00:00:24]} 22. exf6 {[%clk 01:06:07]} {[%emt 00:00:10]} O-O-O {[%clk
01:02:15]} {[%emt 00:00:16]} 23. Rad1 {[%clk 01:05:36]} {[%emt 00:01:01]} Bxc2
{[%clk 01:01:52]} {[%emt 00:00:54]} 24. Rc1 {[%clk 01:05:56]} {[%emt 00:00:10]}
Bd3 {[%clk 01:01:47]} {[%emt 00:00:35]} 25. Rxc7+ {[%clk 01:05:36]} {[%emt
00:00:50]} Kb8 {[%clk 01:02:13]} {[%emt 00:00:05]} 26. Rxf7+ {[%clk 01:04:21]}
{[%emt 00:01:45]} Ka8 {[%clk 01:02:36]} {[%emt 00:00:07]} 27. Rc1 {[%clk
00:59:38]} {[%emt 00:05:12]} Bg6 {[%clk 01:01:29]} {[%emt 00:01:37]} 28. Rg7
{[%clk 00:58:35]} {[%emt 00:01:33]} Bh5 {[%clk 01:01:08]} {[%emt 00:00:52]} 29.
Be5 {[%clk 00:53:05]} {[%emt 00:05:59]} Rd2 {[%clk 01:00:47]} {[%emt 00:00:51]}
30. Rcc7 {[%clk 00:52:50]} {[%emt 00:00:44]} h3 {[%clk 00:58:11]} {[%emt
00:03:07]} 31. f7 {[%clk 00:49:01]} {[%emt 00:04:19]} Rhd8 {[%clk 00:56:41]}
{[%emt 00:02:00]} 32. Rg8 {[%clk 00:46:28]} {[%emt 00:03:03]} Rd1+ {[%clk
00:54:35]} {[%emt 00:02:36]} 33. Kh2 {[%clk 00:46:49]} {[%emt 00:00:08]} Bxf7
{[%clk 00:54:55]} {[%emt 00:00:11]} 34. Rxd8+ {[%clk 00:47:04]} {[%emt
00:00:15]} Rxd8 {[%clk 00:55:19]} {[%emt 00:00:05]} 35. Rxf7 {[%clk 00:47:20]}
{[%emt 00:00:14]} 1-0

[Event "ODJM B 2025"]
[Site "Willingen GER"]
[Date "2025.06.14"]
[Round "9"]
[White "Müller, Maximilian"]
[Black "Ensslen, Jakob"]
[Result "1/2-1/2"]
[Termination "normal"]
[Board "29"]
[WhiteElo "1745"]
[BlackElo "1682"]
[WhiteClock "00:54:47"]
[BlackClock "00:34:23"]
[PlyCount "43"]
[WhiteFideId "34640282"]
[BlackFideId "34640258"]
[EventCountry "GER"]
[EventRounds "9"]
[EventType "swiss"]
[EventDate "2025.06.07"]

1. e4 {[%clk 01:30:59]} c5 {[%clk 01:30:56]} {[%emt 00:00:04]} 2. Nf3 {[%clk
01:31:25]} {[%emt 00:00:04]} d6 {[%clk 01:31:23]} {[%emt 00:00:04]} 3. d4
{[%clk 01:31:52]} {[%emt 00:00:03]} cxd4 {[%clk 01:31:51]} {[%emt 00:00:02]} 4.
Nxd4 {[%clk 01:32:16]} {[%emt 00:00:05]} Nf6 {[%clk 01:32:18]} {[%emt
00:00:04]} 5. Nc3 {[%clk 01:32:41]} {[%emt 00:00:04]} a6 {[%clk 01:32:44]}
{[%emt 00:00:05]} 6. Be2 {[%clk 01:31:55]} {[%emt 00:01:15]} e5 {[%clk
01:32:56]} {[%emt 00:00:19]} 7. Nf3 {[%clk 01:31:25]} {[%emt 00:01:00]} Be6
{[%clk 01:32:05]} {[%emt 00:01:20]} 8. Bg5 {[%clk 01:31:42]} {[%emt 00:00:13]}
Be7 {[%clk 01:31:03]} {[%emt 00:01:33]} 9. Bxf6 {[%clk 01:30:50]} {[%emt
00:01:22]} Bxf6 {[%clk 01:29:56]} {[%emt 00:01:36]} 10. Nd5 {[%clk 01:30:54]}
{[%emt 00:00:27]} Nd7 {[%clk 01:27:28]} {[%emt 00:02:58]} 11. O-O {[%clk
01:28:10]} {[%emt 00:03:13]} h6 {[%clk 01:21:46]} {[%emt 00:06:12]} 12. Re1
{[%clk 01:26:00]} {[%emt 00:02:41]} O-O {[%clk 01:21:49]} {[%emt 00:00:27]} 13.
a4 {[%clk 01:24:43]} {[%emt 00:01:47]} Be7 {[%clk 01:15:49]} {[%emt 00:06:30]}
14. Bc4 {[%clk 01:14:11]} {[%emt 00:11:01]} Nf6 {[%clk 01:08:41]} {[%emt
00:07:38]} 15. Bb3 {[%clk 01:13:07]} {[%emt 00:01:35]} Rc8 {[%clk 01:06:38]}
{[%emt 00:02:32]} 16. Nxf6+ {[%clk 01:01:37]} {[%emt 00:12:00]} Bxf6 {[%clk
01:06:10]} {[%emt 00:00:58]} 17. Bxe6 {[%clk 01:01:19]} {[%emt 00:00:48]} fxe6
{[%clk 01:06:23]} {[%emt 00:00:17]} 18. c3 {[%clk 01:01:42]} {[%emt 00:00:07]}
Re8 {[%clk 00:53:51]} {[%emt 00:13:02]} 19. Qb3 {[%clk 01:00:48]} {[%emt
00:01:23]} Rc7 {[%clk 00:50:21]} {[%emt 00:04:01]} 20. Rad1 {[%clk 00:59:45]}
{[%emt 00:01:32]} Rd7 {[%emt 00:06:57]} 21. Re3 {[%clk 00:56:30]} Qe7 {[%clk
00:34:23]} {[%emt 00:13:48]} 22. Red3 {[%clk 00:54:47]} {[%emt 00:02:13]}
1/2-1/2

[Event "ODJM B 2025"]
[Site "Willingen GER"]
[Date "2025.06.14"]
[Round "9"]
[White "Ott, Claudius"]
[Black "Huber, Ben"]
[Result "1/2-1/2"]
[Termination "normal"]
[Board "30"]
[WhiteElo "1835"]
[BlackElo "1711"]
[WhiteClock "00:44:03"]
[BlackClock "01:13:33"]
[PlyCount "50"]
[WhiteFideId "34621024"]
[BlackFideId "34677062"]
[EventCountry "GER"]
[EventRounds "9"]
[EventType "swiss"]
[EventDate "2025.06.07"]

1. e4 {[%clk 01:30:56]} {[%emt 00:00:03]} c5 {[%clk 01:30:58]} {[%emt
00:00:03]} 2. Nf3 {[%clk 01:31:21]} {[%emt 00:00:05]} g6 {[%clk 01:31:15]}
{[%emt 00:00:13]} 3. c3 {[%clk 01:31:14]} {[%emt 00:00:37]} Bg7 {[%clk
01:31:38]} {[%emt 00:00:07]} 4. d4 {[%clk 01:31:39]} {[%emt 00:00:04]} cxd4
{[%clk 01:32:03]} {[%emt 00:00:06]} 5. cxd4 {[%clk 01:32:03]} {[%emt 00:00:06]}
d5 {[%clk 01:32:29]} {[%emt 00:00:03]} 6. exd5 {[%clk 01:32:21]} {[%emt
00:00:12]} Nf6 {[%clk 01:32:54]} {[%emt 00:00:06]} 7. Nc3 {[%clk 01:32:28]}
{[%emt 00:00:23]} Nxd5 {[%clk 01:33:14]} {[%emt 00:00:09]} 8. Bc4 {[%clk
01:32:28]} {[%emt 00:00:30]} Nb6 {[%clk 01:33:26]} {[%emt 00:00:19]} 9. Bb3
{[%clk 01:32:53]} {[%emt 00:00:04]} O-O {[%clk 01:33:49]} {[%emt 00:00:08]} 10.
h3 {[%clk 01:33:14]} {[%emt 00:00:09]} Nc6 {[%clk 01:33:05]} {[%emt 00:01:14]}
11. Be3 {[%clk 01:30:11]} {[%emt 00:03:32]} e5 {[%clk 01:32:37]} {[%emt
00:00:58]} 12. dxe5 {[%clk 01:27:23]} {[%emt 00:03:18]} Nxe5 {[%clk 01:31:36]}
{[%emt 00:01:32]} 13. Nxe5 {[%clk 01:27:23]} {[%emt 00:00:29]} Bxe5 {[%clk
01:31:39]} {[%emt 00:00:27]} 14. O-O {[%clk 01:27:29]} {[%emt 00:00:24]} Qh4
{[%clk 01:29:58]} {[%emt 00:02:11]} 15. Qf3 {[%clk 01:23:04]} {[%emt 00:04:55]}
Qf6 {[%clk 01:24:42]} {[%emt 00:05:46]} 16. Qxf6 {[%clk 01:23:00]} {[%emt
00:00:34]} Bxf6 {[%clk 01:25:08]} {[%emt 00:00:04]} 17. a4 {[%clk 01:21:41]}
{[%emt 00:01:49]} Be6 {[%clk 01:24:50]} {[%emt 00:00:48]} 18. Bxe6 {[%clk
01:19:51]} {[%emt 00:02:20]} fxe6 {[%clk 01:23:55]} {[%emt 00:01:25]} 19. Bh6
{[%clk 01:12:20]} {[%emt 00:08:01]} Rfd8 {[%clk 01:23:21]} {[%emt 00:01:04]}
20. Rfe1 {[%clk 01:10:37]} {[%emt 00:02:13]} Kf7 {[%clk 01:21:50]} {[%emt
00:02:00]} 21. Re3 {[%clk 00:53:57]} {[%emt 00:17:11]} Nd5 {[%clk 01:21:08]}
{[%emt 00:01:13]} 22. Rf3 {[%clk 00:49:10]} {[%emt 00:05:16]} Nxc3 {[%clk
01:21:23]} {[%emt 00:00:15]} 23. bxc3 {[%clk 00:49:36]} {[%emt 00:00:04]} Rd5
{[%clk 01:21:44]} {[%emt 00:00:09]} 24. h4 {[%clk 00:49:33]} {[%emt 00:00:33]}
Rf5 {[%clk 01:22:00]} {[%emt 00:00:14]} 25. Rd3 {[%clk 00:44:03]} {[%emt
00:05:59]} Rd5 {[%clk 01:13:33]} {[%emt 00:08:56]} 1/2-1/2